BIBLIOTHÈQUE DE LA MAISON DU MEXIQUE

Logo 1 Logo 2

La conquista divina de Michoacán (notice nᵒ 9958)

détails MARC
000 -Sello discográfico
campo de control de longitud fija 01366nam a2200373 4500
005 - Identificación de versión
campo de control 20251016083015.0
010 ## - Número Estándar Internacional de Libros (ISBN)
Número (ISBN) 978-968-16-1997-8 (rústico)
010 ## - Número Estándar Internacional de Libros (ISBN)
Número (ISBN) 978-968-16-8473-0 (empastado)
099 ## - fechas locales
Tipo de ítem Koha LIBRO
100 ## - Datos de procesamiento general
Datos de procesamiento general 20120209d20081985m y1spay5003 ba
101 1# - Idioma del recurso
Idioma del texto, banda sonora, etc. Español; Castellano
Idioma de la obra original Francés
105 ## - Campo de datos codificados: Material textual, monográfico
Datos codificados de monografía y 001zy
200 1# - Título y mención de responsabilidad
Título propio La conquista divina de Michoacán
Designación general del material texto impreso
Primer mención de responsabilidad Jean Marie G. Le Clézio
Declaración de responsabilidad subsiguiente traducción Aurelio Garzón del Camino
205 ## - Declaración de edición
Declaración de edición reimpr de la 1a ed en español
210 ## - Publicación, distribución, etc.
Lugar de publicación, distribución, etc. México
Nombre del editor, distribuidor, etc. Fondo de Cultura Económica
Fecha de publicación, distribución, etc. 2008
215 ## - Descripción física
Designación de material específico y extensión del ítem 112 p
Dimensiones 21 cm
300 ## - Notas generales
Texto de la nota Traducción de : La Conquête divine de Michoacán. Premio Nobel de Literatura 2008
320 ## - Nota de índices/bibliografías internas
Texto de la nota Incluye bibliografía: p.107-112
345 ## - Nota de información de adquisición
Fuente de adquisición/dirección de la suscripción [OBSOLETO] Donación 'Salon du Livre 2009'. Donación FCE
410 #1 - Series
Título Colección Tezontle
606 ## - Término temático usado como materia
Elemento de entrada Tarascos (Indios)
Subdivisión temática Historia
Número Koha 638
607 ## - Nombre geográfico utilizado como tema
Elemento de entrada Michoacán (México)
Subdivisión temática Historia
Número Koha 2238
660 ## - Código de área geográfica
Código MX
700 ## - Nombre personal - Responsabilidad primaria
Elemento de entrada Clézio
Parte del nombre distinta del elemento de entrada Jean-Marie Gustave le
Fechas 1940-
Número Koha 3899
702 ## - Nombre personal - Responsabilidad secundaria
Elemento de entrada Garzón del Camino
Parte del nombre distinta del elemento de entrada Aurelio
Fechas 1904-?
Número Koha 3257
801 #0 - Fuente de origen
País FR
Agencia cm
Reglas de catalogación (convenciones descriptivas) AFNOR
900 ## -
-- 1/5059
900 ## -
-- 7100316818\211103
942 ## - ELEMENTOS DE ENTRADA SECUNDARIOS (KOHA)
Tipo de ítem Koha Livre
996 ## -
-- MEX
-- 751145101
-- MMAG
-- 001708
-- 972.35 C635CO
-- 20120209LIV
996 ## -
-- MEX
-- 751145101
-- MMAG
-- 003134
-- 972.35 C635C
-- 20201007LIV
Exemplaires
Estatus retirado Estado de daño Estado de pérdida Fecha de adquisición Biblioteca de origen Biblioteca actual Ubicación en estantería Código de barras Precio de reemplazo Signatura topográfica completa No para préstamo Tipo de ítem Koha Nota pública Nota no pública
      05/08/2025 Casa México Paris Casa México Paris   001708 05/08/2025 972.35 C635CO   Livre 20120209LIV 751145101